Normal view MARC view
  • Great Britain

Entry Corporate Name

Number of records used in: 1

001 - CONTROL NUMBER

  • control field: 6058

003 - CONTROL NUMBER IDENTIFIER

  • control field: OSt

005 - DATE AND TIME OF LATEST TRANSACTION

  • control field: 20190806150249.0

008 - FIXED-LENGTH DATA ELEMENTS

  • fixed length control field: 120501n| acannaabn |n ana d

040 ## - CATALOGING SOURCE

  • Original cataloging agency: OSt
  • Transcribing agency: OSt

110 2# - HEADING--CORPORATE NAME

  • Corporate name or jurisdiction name as entry element: Great Britain
  • Subordinate unit: Office of Woods, Forests and Land Revenues

670 ## - SOURCE DATA FOUND

  • Source citation: First report of the Commissioners of His Majesty's woods, forests and land revenues in obedience to the Acts of 34 George III c.75 and 50 George III c.65. Dated 4th June 1812, 1812